00470nam a2200193Ia 4500008004000000041000800040082001100048100002000059245004700079260005200126300001300178650001000191650000700201650001200208650001500220650001500235650000800250700001800258210210b1905 xxu||||| |||| 00| 0 eng d aeng a030/36 aFARMER (John S) aDictionary of slang and colloquial english aLondonbGeorge Routledge and Sons Limitedc1905 aviii,533 aslang aof aenglish aDictionary acolloquial aand a(HENLEY (W E)